Normal view
MARC view
- Lindman, Åke E:son
Entry Personal Name
001 - CONTROL NUMBER
- control field: 120517
003 - CONTROL NUMBER IDENTIFIER
- control field: NUST
005 - DATE AND TIME OF LATEST TRANSACTION
- control field: 20240215113928.0
008 - FIXED-LENGTH DATA ELEMENTS
- fixed length control field: 240215|| aca||aabn | a|a d
040 ## - CATALOGING SOURCE
- Original cataloging agency: NUST
- Transcribing agency: NUST
100 ## - HEADING--PERSONAL NAME
- Personal name: Lindman, Åke E:son
670 ## - SOURCE DATA FOUND
- Source citation: Work cat.: (NUST): Out of the real :, c2011.
